000 00345 a2200121 4500
000 nam a22 7a 4500
005 20260429105151.0
020 _a9783031400582
100 _aKurt Marti
_91085417
245 _aStochastic Optimization Methods: Applications in Engineering and Operations Research
260 _bSpringer
_c2024
942 _cTEXL
999 _c1848625
_d1848625